[Event "Cali Region IRT U16"]
[Site "Cali"]
[Date "2015.03.08"]
[Round "5.4"]
[White "Oliveros, Camilo"]
[Black "Murgueitio, Juan Camilo"]
[Result "1/2-1/2"]
[WhiteElo "1709"]
[BlackElo "1818"]
[PlyCount "55"]
[EventDate "2015.03.06"]
[EventType "swiss"]
[EventRounds "6"]
[EventCountry "COL"]
[SourceTitle "EXT 2024"]
[Source "ChessBase"]
[SourceDate "2023.10.10"]
[SourceVersion "1"]
[SourceVersionDate "2023.10.10"]
[SourceQuality "1"]

1. e4 c5 2. Nf3 e6 3. d4 cxd4 4. Nxd4 Nf6 5. Bd3 Nc6 6. Be3 d5 7. exd5 Nxd5 8. Nxc6 bxc6 9. Bd2 Qb6 10. b3 Qd4 11. c4 Qxa1 12. cxd5 Qe5+ 13. Be3 Bb4+ 14. Nd2 Qxd5 15. Qc2 f5 16. 0-0 Bxd2 17. Bxd2 0-0 18. Bc4 Qd6 19. Be3 c5 20. Bxc5 Qc6 21. Bxf8 Bb7 22. f3 Rxf8 23. Re1 Rf6 24. Rd1 Qc5+ 25. Kh1 Bd5 26. Qe2 Bxc4 27. Qxc4 Qxc4 28. bxc4 1/2-1/2

[Event "COL-ch U18"]
[Site "Cali"]
[Date "2014.04.06"]
[Round "7"]
[White "Chavez Duero, Brayan Steven"]
[Black "Murgueitio, Juan Camilo"]
[Result "0-1"]
[WhiteElo "1523"]
[BlackElo "1848"]
[PlyCount "78"]
[EventDate "2014.04.03"]
[EventType "swiss"]
[EventRounds "7"]
[EventCountry "COL"]
[SourceTitle "CBM 159 Extra"]
[Source "ChessBase"]
[SourceDate "2014.04.24"]
[SourceVersion "1"]
[SourceVersionDate "2014.04.24"]
[SourceQuality "1"]

1. e4 c5 2. Nf3 e6 3. d4 cxd4 4. Nxd4 Nf6 5. Nc3 d6 6. Bb5+ Nbd7 7. 0-0 a6 8. Bd3 Be7 9. Re1 Qc7 10. Be3 0-0 11. Qd2 b5 12. a3 Ne5 13. Be2 Bb7 14. f3 Nc4 15. Bxc4 Qxc4 16. Qe2 Rac8 17. Rad1 Qc7 18. Qf2 Nd7 19. Qg3 Rfe8 20. Bh6 Bf8 21. Nde2 Ne5 22. Bf4 Nc4 23. Rb1 Red8 24. Bg5 Rd7 25. Nf4 Nxa3 26. bxa3 Qxc3 27. Nh5 Kh8 28. Rbc1 Qe5 29. Qxe5 dxe5 30. Bh4 Rdc7 31. Red1 Bxa3 32. Ra1 Bc5+ 33. Kh1 Bd4 34. Ra3 Rxc2 35. h3 b4 36. Ra4 b3 37. Rb4 b2 38. Rxb7 Rc1 39. Rxc1 bxc1Q+ 0-1

[Event "COL-ch U18"]
[Site "Cali"]
[Date "2014.04.04"]
[Round "4"]
[White "Murgueitio, Juan Camilo"]
[Black "Zuleta, Juan Esteban"]
[Result "0-1"]
[WhiteElo "1848"]
[BlackElo "1803"]
[PlyCount "122"]
[EventDate "2014.04.03"]
[EventType "swiss"]
[EventRounds "7"]
[EventCountry "COL"]
[SourceTitle "CBM 159 Extra"]
[Source "ChessBase"]
[SourceDate "2014.04.24"]
[SourceVersion "1"]
[SourceVersionDate "2014.04.24"]
[SourceQuality "1"]

1. e4 c5 2. Nf3 d6 3. d4 cxd4 4. Nxd4 Nf6 5. Nc3 a6 6. Be2 e6 7. Be3 Nc6 8. 0-0 Be7 9. Nb3 Qc7 10. f4 0-0 11. Bf3 b5 12. a3 Bb7 13. Qe1 Rac8 14. Qf2 Bd8 15. g4 Na5 16. Nxa5 Qxa5 17. g5 Nd7 18. Kh1 Bb6 19. Bxb6 Qxb6 20. Qh4 a5 21. Bg2 b4 22. axb4 axb4 23. Na4 Qc7 24. c3 Qa5 25. f5 exf5 26. exf5 Bxg2+ 27. Kxg2 Qd5+ 28. Kg1 Ne5 29. Nb6 Qc5+ 30. Qd4 bxc3 31. bxc3 Qxc3 32. Qxc3 Rxc3 33. Kg2 Rb8 34. Rfc1 Rxc1 35. Rxc1 h6 36. Rc8+ Rxc8 37. Nxc8 d5 38. gxh6 d4 39. Ne7+ Kh7 40. hxg7 Kxg7 41. Nd5 Kh6 42. h4 d3 43. Ne3 Kh5 44. Kg3 f6 45. Nd1 Nc4 46. Kh3 Nd6 47. Nc3 Nxf5 48. Ne4 Nd6 49. Nxf6+ Kg6 50. Nd5 Kf5 51. Ne3+ Kf4 52. Nd1 Kf3 53. Nc3 d2 54. h5 Ne4 55. Nd1 Nf2+ 56. Nxf2 Kxf2 57. Kg4 d1Q+ 58. Kg5 Qd8+ 59. Kg6 Qg8+ 60. Kh6 Qh8+ 61. Kg6 Kf3 0-1

[Event "COL-ch sf"]
[Site "Medellin"]
[Date "2014.??.??"]
[Round "8"]
[White "Murgueitio, Juan Camilo"]
[Black "Martinez, Mauricio"]
[Result "1-0"]
[WhiteElo "1848"]
[BlackElo "2005"]
[PlyCount "97"]
[EventDate "2014.04.15"]
[EventType "swiss"]
[EventRounds "11"]
[EventCountry "COL"]
[SourceTitle "CBM 160 Extra"]
[Source "ChessBase"]
[SourceDate "2014.07.01"]
[SourceVersion "1"]
[SourceVersionDate "2014.07.01"]
[SourceQuality "1"]

1. e4 e5 2. Nf3 Nf6 3. Nxe5 d6 4. Nf3 Nxe4 5. Nc3 Nf6 6. d4 Bg4 7. Be2 Be7 8. Be3 d5 9. Qd3 c6 10. a4 Nbd7 11. h3 Bh5 12. Ne5 Bxe2 13. Nxe2 Ne4 14. Nxd7 Qxd7 15. 0-0 0-0 16. c4 f5 17. c5 Rae8 18. f3 Ng5 19. Qd2 h6 20. Nf4 Ne6 21. Ng6 Rf7 22. Ne5 Qc8 23. Nxf7 Kxf7 24. Rfe1 Bh4 25. Re2 Kg8 26. Bxh6 b6 27. b4 bxc5 28. bxc5 Bf6 29. Be3 Nxc5 30. Ra3 Nd7 31. Bf2 Nb6 32. Ra2 Nc4 33. Rxe8+ Qxe8 34. Qe2 Qd7 35. Qe1 f4 36. Kh1 Qf5 37. Qe8+ Kh7 38. Re2 Nb6 39. Qxc6 Qb1+ 40. Kh2 Qd1 41. Qe8 Kh6 42. Re6 Qxa4 43. Qxa4 Nxa4 44. Ra6 Nc3 45. Bh4 Kg6 46. Bxf6 gxf6 47. Rxa7 Nb5 48. Ra5 Nxd4 49. Rxd5 1-0

[Event "Valle Region-ch qual 4"]
[Site "Cali"]
[Date "2012.04.13"]
[Round "2.6"]
[White "Arias, Robinson"]
[Black "Murgueitio, Juan Camilo"]
[Result "1/2-1/2"]
[WhiteElo "1681"]
[BlackElo "1615"]
[PlyCount "28"]
[EventDate "2012.04.13"]
[EventType "swiss"]
[EventRounds "5"]
[EventCountry "COL"]
[SourceTitle "EXT 2024"]
[Source "ChessBase"]
[SourceDate "2023.10.10"]
[SourceVersion "1"]
[SourceVersionDate "2023.10.10"]
[SourceQuality "1"]

1. d4 Nf6 2. c4 e6 3. g3 Bb4+ 4. Bd2 Be7 5. Bg2 0-0 6. Nf3 d5 7. c5 b6 8. b4 Ne4 9. 0-0 Nxd2 10. Nbxd2 Nd7 11. e4 Ba6 12. Re1 dxe4 13. Nxe4 Bb7 14. Rc1 Bd5 1/2-1/2

[Event "Cali Region-ch U14"]
[Site "Cali"]
[Date "2012.03.10"]
[Round "5.3"]
[White "Quinonez Garcia, Santiago"]
[Black "Murgueitio, Juan Camilo"]
[Result "1-0"]
[WhiteElo "1912"]
[BlackElo "1615"]
[PlyCount "33"]
[EventDate "2012.03.09"]
[EventType "swiss"]
[EventRounds "7"]
[EventCountry "COL"]
[SourceTitle "EXT 2024"]
[Source "ChessBase"]
[SourceDate "2023.10.10"]
[SourceVersion "1"]
[SourceVersionDate "2023.10.10"]
[SourceQuality "1"]

1. e4 c6 2. d4 d5 3. exd5 cxd5 4. c4 Nf6 5. Nc3 Bf5 6. Qb3 Qd7 7. cxd5 a6 8. Nf3 Ne4 9. Ne5 Qd6 10. Qxb7 Nxc3 11. bxc3 Be4 12. Bc4 Bxg2 13. Rg1 Bh3 14. Qxa8 f6 15. Nc6 Qxh2 16. Qxb8+ Qxb8 17. Nxb8 1-0

[Event "Valle Region-ch U16"]
[Site "Cali"]
[Date "2012.02.17"]
[Round "3.6"]
[White "Murgueitio, Juan Camilo"]
[Black "Delgado, Luis Felipe"]
[Result "1-0"]
[WhiteElo "1521"]
[BlackElo "1600"]
[PlyCount "70"]
[EventDate "2012.02.16"]
[EventType "swiss"]
[EventRounds "7"]
[EventCountry "COL"]
[SourceTitle "EXT 2024"]
[Source "ChessBase"]
[SourceDate "2023.10.10"]
[SourceVersion "1"]
[SourceVersionDate "2023.10.10"]
[SourceQuality "1"]

1. e4 e5 2. Nf3 Nc6 3. Bb5 a6 4. Ba4 Nf6 5. 0-0 Bc5 6. c3 d5 7. exd5 Qxd5 8. Bxc6+ Qxc6 9. Nxe5 Qd5 10. d4 Bd6 11. Re1 0-0 12. Nd2 b5 13. Qf3 Bb7 14. Qxd5 Bxd5 15. a4 Bxe5 16. dxe5 Nd7 17. f4 c6 18. Ne4 Bxe4 19. Rxe4 Nc5 20. Re1 Nb3 21. Ra3 bxa4 22. Rxa4 Nxc1 23. Rxc1 Rfb8 24. b4 f5 25. Rd1 Rc8 26. Rda1 Kf7 27. Rxa6 Rxa6 28. Rxa6 h6 29. h4 Kg6 30. Kf2 Kh5 31. g3 g5 32. hxg5 hxg5 33. fxg5 Kxg5 34. Kf3 Re8 35. Rxc6 Rxe5 1-0

[Event "Valle Region-ch U16"]
[Site "Cali"]
[Date "2012.02.16"]
[Round "2.7"]
[White "Murgueitio, Juan Camilo"]
[Black "Yate Baron, Andres Steven"]
[Result "1/2-1/2"]
[WhiteElo "1521"]
[BlackElo "1560"]
[PlyCount "70"]
[EventDate "2012.02.16"]
[EventType "swiss"]
[EventRounds "7"]
[EventCountry "COL"]
[SourceTitle "EXT 2024"]
[Source "ChessBase"]
[SourceDate "2023.10.10"]
[SourceVersion "1"]
[SourceVersionDate "2023.10.10"]
[SourceQuality "1"]

1. e4 c5 2. Nf3 Nc6 3. Bb5 a6 4. Bxc6 bxc6 5. 0-0 d6 6. c3 e5 7. d4 cxd4 8. cxd4 f6 9. dxe5 dxe5 10. Nxe5 fxe5 11. Qh5+ Ke7 12. Qxe5+ Be6 13. Bg5+ Nf6 14. f4 Qd6 15. Qa5 Kf7 16. Qa4 Qc5+ 17. Kh1 Bc4 18. Rc1 Nxe4 19. Qxc4+ Qxc4 20. Rxc4 Nxg5 21. fxg5 c5 22. Nd2 Rc8 23. Rac1 Be7 24. Ne4 Rhd8 25. h3 Rd5 26. b4 Bxg5 27. Nxg5+ Rxg5 28. bxc5 Ke6 29. Ra4 Rc6 30. Ra5 Re5 31. Rc2 g5 32. Kg1 Rf5 33. Rf2 Rfxc5 34. Re2+ Kf6 35. Rf2+ Kg6 1/2-1/2

[Event "Valle Region-ch U16"]
[Site "Cali"]
[Date "2012.02.16"]
[Round "1.5"]
[White "Parra Meza, Brayan"]
[Black "Murgueitio, Juan Camilo"]
[Result "1-0"]
[WhiteElo "1799"]
[BlackElo "1521"]
[PlyCount "51"]
[EventDate "2012.02.16"]
[EventType "swiss"]
[EventRounds "7"]
[EventCountry "COL"]
[SourceTitle "EXT 2024"]
[Source "ChessBase"]
[SourceDate "2023.10.10"]
[SourceVersion "1"]
[SourceVersionDate "2023.10.10"]
[SourceQuality "1"]

1. e4 c5 2. Nf3 d6 3. d4 cxd4 4. Nxd4 Nf6 5. Nc3 a6 6. Be2 e5 7. Nb3 Be6 8. 0-0 Be7 9. f4 0-0 10. a4 Qc7 11. Kh1 Nbd7 12. f5 Bc4 13. Bg5 Rfd8 14. Bd3 Rac8 15. Qe2 Bxb3 16. cxb3 Nc5 17. Bxf6 Bxf6 18. Nd5 Qc6 19. Rac1 Qe8 20. Qg4 Be7 21. f6 Bf8 22. Ne7+ Kh8 23. Nxc8 Nxd3 24. fxg7+ Bxg7 25. Rc7 f6 26. Qxg7# 1-0

[Event "Cali Region-ch U16"]
[Site "Cali"]
[Date "2011.02.12"]
[Round "3.11"]
[White "Murgueitio, Juan Camilo"]
[Black "Diaz, Javier3333"]
[Result "0-1"]
[WhiteElo "1600"]
[BlackElo "1600"]
[PlyCount "108"]
[EventDate "2011.02.11"]
[EventType "swiss"]
[EventRounds "7"]
[EventCountry "COL"]
[SourceTitle "EXT 2024"]
[Source "ChessBase"]
[SourceDate "2023.10.10"]
[SourceVersion "1"]
[SourceVersionDate "2023.10.10"]
[SourceQuality "1"]

1. e4 c5 2. Nf3 d6 3. d4 cxd4 4. Nxd4 Nf6 5. Nc3 a6 6. f3 e6 7. Be3 Be7 8. Qd2 0-0 9. 0-0-0 e5 10. Nb3 Nc6 11. Ne2 Be6 12. Qc3 Qc7 13. g4 h6 14. h4 d5 15. Bd2 d4 16. Qd3 Nd7 17. g5 Nc5 18. Nxc5 Bxc5 19. Rg1 g6 20. gxh6 Kh7 21. f4 Ne7 22. fxe5 Qxe5 23. Bf4 Qh5 24. Rh1 Bxa2 25. b3 Ba3+ 26. Kd2 Qa5+ 27. c3 Bxb3 28. Qxd4 Rg8 29. Ra1 Rad8 30. Bd6 Rxd6 31. Qxd6 Bxd6 32. Rxa5 Kxh6 33. Bg2 Rb8 34. e5 Bc7 35. Rc5 Bd8 36. Nf4 a5 37. h5 gxh5 38. e6 fxe6 39. Rhxh5+ Kg7 40. Rcg5+ Kf6 41. Rg3 Bc7 42. Rf3 Bxf4+ 43. Rxf4+ Kg6 44. Rh3 Kg5 45. Rf7 Ng8 46. Rg3+ Kh6 47. Rf1 Rd8+ 48. Ke3 Rd1 49. Rf4 Re1+ 50. Kd4 e5+ 51. Kd3 exf4 52. Rh3+ Kg7 53. Kd2 Rd1+ 54. Ke2 Nf6 0-1